00580nam a2200193Ia 4500008004100000020001500041050000800056050001600064100002700080245002300107245002700130260001800157260003000175300001600205300001100221650001700232999001900249952011800268170203s9999 xx 000 0 und d a9714206545 a5.1 b.T551p 2006 aTiamson, Juan Alvin B. aProgramming in C++ cJuan Alvin B. Tiamson. aPhilippines : bTrinitas Publishing, Inc. a285 pages : c25 cm. aProgramming. c305543d305543 001040aSSISBbSSISBcHS NON-FICd2017-02-03l0o005.1 .T551p 2006pLS-1139r2017-02-03 00:00:00w2017-02-03yBK